000 00410nam a2200133Ia 4500
005 20260326100031.0
008 260326s9999||||xx |||||||||||||| ||und||
100 _ade Anda Alanís, Enrique Xavier
245 0 _aCiudad de México :
_b Arquitectura 1921 - 1970 /
_cEnrique Xavier de Anda Alanís
260 _bAgencia Española de Cooperación
300 _a338 p.
650 _aARQUITECTURA REGIONAL
942 _cBK
999 _c6592
_d6592